Regímenes de recaudación del Impuesto Sobre los Ingresos Brutos de la provincia de Buenos Aires. Alternativas posibles para solicitar su reclamo (Registro nro. 13299)

Detalles MARC
000 -LEADER
fixed length control field 00467 a2200121 4500
001 - CONTROL NUMBER
control field ART_8607
005 - DATE AND TIME OF LATEST TRANSACTION
control field 20260410161641.0
008 - FIXED-LENGTH DATA ELEMENTS--GENERAL INFORMATION
fixed length control field 260409a
100 1# - MAIN ENTRY--PERSONAL NAME
Personal name Januszewski, Karina
245 10 - TITLE STATEMENT
Title Regímenes de recaudación del Impuesto Sobre los Ingresos Brutos de la provincia de Buenos Aires. Alternativas posibles para solicitar su reclamo
700 1# - ADDED ENTRY--PERSONAL NAME
Personal name Carballude, Gisela
773 0# - HOST ITEM ENTRY
Title Consultor tributario
Related parts - Vol. 4, Nº 42 (ago. 2010)
Record control number REV474

No hay ítems disponibles.